000 00565cam a22002291 4500
001 10247931
005 20180223070735.0
008 760928s1952 nyua b 000 0 eng
010 _a 52010542
035 _a(OCoLC)2470345
040 _aDLC
_cO
_dOCoLC
_dDLC
041 _aeng
042 _apremarc
080 _a330.973 SOU
082 _a330.973 SOU
100 1 _a52
101 _aEKO
245 1 0 _aEconomic forces in American history.
504 _aIncludes bibliography.
906 _a7
_bcbc
_coclcrpl
_du
_encip
_f19
_gy-gencatlg
942 _2ddc
_cBK
999 _c43237
_d43237